| 000 | 02077nam a2200493 a 4500 | ||
|---|---|---|---|
| 003 | PE-LiUPU | ||
| 005 | 20250731184610.0 | ||
| 008 | 220129p2019 pe a gr 000 0 spa | ||
| 017 | _a2019-15344 | ||
| 020 | _a9786124466007 | ||
| 040 |
_apelibn _bspa _erda _cPE-LiUPU _dPE-LiUPU |
||
| 082 | 0 | 4 |
_a985.42 _223 _bK96r |
| 100 | 1 |
_aKuon Cabello, Luis Enrique, _d1913-, _eautor. |
|
| 245 | 1 | 0 |
_aRetazos de la historia de Moquegua / _cLuis E. Kuon Cabello. |
| 250 | _aTercera edición. | ||
| 264 | 3 | 1 |
_aMoquegua : _bUniversidad Nacional de Moquegua, _c2019. |
| 264 | 3 | 3 |
_aLima : _bTarea Asociación Gráfica Educativa. |
| 300 |
_a874 páginas : _bilustraciones, retratos ; _c25 centímetros. |
||
| 336 |
_aTexto _2rdacontent |
||
| 337 |
_asin mediación _2rdamedia |
||
| 338 |
_avolumen _2rdacarrier |
||
| 500 | _aAbarca desde la época pre-inca hasta el año 2001con algunas excepciones. | ||
| 504 | _aBibliografía: páginas 827-829. | ||
| 505 | _aEtimología de Moquegua -- Moquegua preincaica e incaica -- La emancipación -- La república -- Vida religiosa de Moquegua -- Vida cultural de Moquegua -- Vida económica de Moquegua -- La mujer Moqueguana -- Expresiones del esfuerzo de un pueblo -- Los símbolos de Moquegua -- Visión panorámica de Moquegua -- Páginas del álbum familiar -- Meditaciones -- El territorio de Moquegua | ||
| 526 | _aP136 | ||
| 526 | _aP135 | ||
| 526 | _aP134 | ||
| 526 | _aP133 | ||
| 526 | _aP144 | ||
| 526 | _aP143 | ||
| 526 | _aP87 | ||
| 526 | _aP35 | ||
| 526 | _aP20 | ||
| 526 | _aP14 | ||
| 526 | _aP10 | ||
| 526 | _aP06 | ||
| 651 | 8 |
_aMoquegua (Perú : Departamento) _xHistoria. _9995 |
|
| 651 | 8 |
_aMoquegua (Perú : Departamento) _x-Vida y costumbres sociales. |
|
| 651 | 8 |
_aMoquegua (Perú : Departamento) _xGeografía. |
|
| 710 | 2 |
_aUniversidad Nacional de Moquegua, _eentidad editora. _94414 |
|
| 942 |
_2ddc _cBK _n0 |
||
| 999 |
_c61759 _d61759 |
||
| 980 |
_618226 _aJaime Vilcazán Jefe de Análisis Documental _81 _gALBERTO SANCHEZ Responsable de Automatización |
||